000
00342nam a22001577a 4500
020
_a
81-8204-012-4
082
_a
658.3
_b
SIN
100
_a
SINGH, R.K
245
_a
FONT OFFICE MANAGEMENT
250
_a
1ST
260
_a
DELHI
_b
AMAN
_c
2010
300
_a
255
650
_a
OFFICE MANAGEMENT
653
_a
OFFICE, FRONT
942
_2
ddc
_c
BK
_0
4
999
_c
8035
_d
8035